Your inner fish : a journey into the 3.5-billion-year history of the human body /

Bibliographic Details
Main Author: Shubin, Neil
Format: Book
Language:English
Published: New York : Pantheon Books, [2008]
Edition:1st ed.
Subjects:

MARC

Tag First Indicator Second Indicator Subfields
LEADER 00000cam a2200000 a 4500
001 in00002380921
005 20151109042637.0
008 070613s2008 nyuab b 001 0 eng
010 |a  2007024699 
020 |a 9780375424472 (alk. paper) 
020 |a 0375424474 (alk. paper) 
035 |a (OCoLC)ocn144598195 
040 |a DLC  |c DLC  |d NLM  |d UtOrBLW 
049 |a TXAM 
050 0 0 |a QM26  |b .S58 2008 
060 0 0 |a 2008 B-857 
060 1 0 |a QS 124  |b S562y 2008 
082 0 0 |a 611  |2 22 
100 1 |a Shubin, Neil. 
245 1 0 |a Your inner fish :  |b a journey into the 3.5-billion-year history of the human body /  |c Neil Shubin. 
250 |a 1st ed. 
264 1 |a New York :  |b Pantheon Books,  |c [2008] 
264 4 |c ©2008 
300 |a 229 pages :  |b illustrations, maps ;  |c 22 cm. 
336 |a text  |b txt  |2 rdacontent 
337 |a unmediated  |b n  |2 rdamedia 
338 |a volume  |b nc  |2 rdacarrier 
504 |a Includes bibliographical references (pages [203]-214) and index. 
505 0 |a Finding your inner fish -- Getting a grip -- Handy genes -- Teeth everywhere -- Getting ahead -- The best-laid (body) plans -- Adventures in bodybuilding -- Making scents -- Vision -- Ears -- The meaning of it all -- Epilogue. 
650 0 |a Human anatomy  |v Popular works. 
650 0 |a Human evolution  |v Popular works. 
650 1 2 |a Anatomy, Comparative  |v Popular Works. 
650 2 2 |a Biological Evolution  |v Popular Works. 
650 2 2 |a Phylogeny  |v Popular Works. 
945 |a PromptCat 
946 |a stk 
947 |a A14836856444 
948 |a cataloged  |b h  |c 2008/4/16  |d c  |e dmitchel  |f 2:44:26 pm 
994 |a 92  |b TXA 
999 |a MARS 
999 f f |s 7ff45a03-4c65-34f8-bb01-632d6cf8d9ca  |i 0af21f21-2929-3826-8328-22640f1494b0  |t 0 
952 f f |p normal  |a Texas A&M University  |b College Station  |c Sterling C. Evans Library  |d Evans: Library Stacks  |t 0  |e QM26 .S58 2008  |h Library of Congress classification  |i unmediated -- volume  |m A14836856444 
998 f f |a QM26 .S58 2008  |t 0  |l Evans: Library Stacks